| Tag |
First Indicator |
Second Indicator |
Subfields |
| LEADER |
00000cam a22000001a 4500 |
| 001 |
in00003166708 |
| 006 |
m d f |
| 007 |
cr bn mmmapmmp |
| 008 |
090613s1910 dcu o f000 0 eng d |
| 005 |
20260511211747.3 |
| 035 |
|
|
|a cis2007404481
|
| 040 |
|
|
|a UMI
|c UMI
|d UtOrBLW
|
| 043 |
|
|
|a n-us---
|
| 086 |
0 |
|
|a Y 4.T 27/1:H 31/4
|
| 099 |
|
|
|a HRG-1910-HTH-0030
|
| 110 |
1 |
|
|a United States.
|b Congress.
|b House.
|b Committee on the Territories.
|
| 245 |
1 |
0 |
|a Special Prohibition Election in the Territory of Hawaii :
|b hearings before the United States House Committee on the Territories, Sixty-First Congress, second session, on Feb. 25, 1910.
|
| 264 |
|
1 |
|a Washington :
|b U.S. G.P.O.,
|c 1910.
|
| 300 |
|
|
|a 1 online resource.
|
| 336 |
|
|
|a text
|b txt
|2 rdacontent
|
| 337 |
|
|
|a computer
|b c
|2 rdamedia
|
| 338 |
|
|
|a online resource
|b cr
|2 rdacarrier
|
| 500 |
|
|
|a Record is based on bibliographic data in ProQuest Congressional Hearings Digital Collection. Reuse except for individual research requires license from ProQuest, LLC.
|
| 520 |
|
|
|a Considers (61) H.J. Res. 155.
|
| 538 |
|
|
|a System requirements: PDF reader software.
|
| 500 |
|
|
|a Electronic resource.
|
| 650 |
|
0 |
|a Referendum
|z Hawaii.
|
| 650 |
|
0 |
|a Election law
|z Hawaii.
|
| 650 |
|
0 |
|a Prohibition
|z Hawaii.
|
| 655 |
|
7 |
|a Electronic books.
|2 local
|
| 710 |
2 |
|
|a ProQuest (Firm)
|
| 776 |
0 |
8 |
|i Print version:
|a United States. Congress. House. Committee on the Territories.
|t Special Prohibition Election in the Territory of Hawaii
|
| 776 |
0 |
8 |
|i Microfiche version:
|a United States. Congress. House. Committee on the Territories.
|t Special Prohibition Election in the Territory of Hawaii.
|d [Bethesda, Md.] : ProQuest,[2004]
|o CIS Hrgs MF Gp 2--HT 61-V
|w (ProQuest)cis10105524
|
| 830 |
|
0 |
|a U.S. Congressional Hearings.
|
| 856 |
4 |
0 |
|u http://proxy.library.tamu.edu/login?url=https://congressional.proquest.com/congcomp/getdoc?HEARING-ID=HRG-1910-HTH-0030
|z Connect to the full text of this electronic book
|t 0
|
| 998 |
|
|
|a cis10105524
|
| 999 |
|
|
|a MARS
|
| 999 |
f |
f |
|s 6f2dfea3-5703-3a35-8b70-6889466e25f6
|i a6753119-7ffe-385d-a368-43d7ec6aaa75
|t 0
|
| 952 |
f |
f |
|a Texas A&M University
|b College Station
|c Electronic Resources
|s www_evans
|d Available Online
|t 0
|e HRG-1910-HTH-0030
|h Other scheme
|
| 998 |
f |
f |
|a HRG-1910-HTH-0030
|t 0
|l Available Online
|